Usman Ghani Ka Nizam-E-Adal (Record no. 3210)

MARC details
000 -LEADER
fixed length control field 00579nam a2200241 a 4500
020 ## - INTERNATIONAL STANDARD BOOK NUMBER
ISBN
082 00 - DEWEY DECIMAL CLASSIFICATION NUMBER
Classification number 297.64
Author Cutter SID
100 ## - MAIN ENTRY--AUTHOR NAME
Author name Siddiqui, Salamullah
245 ## - TITLE STATEMENT
Title Usman Ghani Ka Nizam-E-Adal
260 ## - PUBLICATION, DISTRIBUTION, ETC. (IMPRINT)
Place of publication Varansi
Name of publisher Azad Book Depo
Year of publication 1975
300 ## - PHYSICAL DESCRIPTION
Number of Pages 240p
500 ## - GENERAL NOTE
General note includes index and biblioraphy
505 2# - FORMATTED CONTENTS NOTE
Formatted contents note Index
650 ## - SUBJECT ADDED ENTRY--TOPICAL TERM
Topical Term Uthman-Caliph
942 ## - ADDED ENTRY ELEMENTS (KOHA)
Koha item type Books
700 1# -
-- Siddiqui, Salamullah
Holdings
Collection code Home library Current library Date acquired Cost, normal purchase price Full call number Accession Number Koha item type
  Henry Martyn Institute Library Henry Martyn Institute Library 07/12/2007 8.50 297.64 SID 08750 Books
                   Copyright © 2026 | Henry Martyn Institute | Hyderabad | TS-500052 | INDIA | Implemented by hmi.edu.in
Hit-Count:

Powered by Koha